LEADER 00624nab a2200145 i 4500 001 000000266249 003 CaOOAMICUS 005 20070411000000.0 008 070411n xx uu u0 0und r 013 $a10116 040 $aSeMil$bita 245 10$aEngagement des chrétiens :$bD'Est en Ouest, une Europe unie et réconciliée. - Titolo principale dalla copertina [Dossier]. 500 $a4 mars 2007 (N° 2375). 773 0 $t[2007.$dParis : Bayard, 2007.$w()157900 996 $6245$aEngagement des chrétiens :$bD'Est en Ouest, une Europe unie et réconciliée. - Titolo principale dalla copertina [Dossier].$9(OLS)http://semarc/title/357794 LEADER 01351nam a2200325 i 4500 001 000000111772 003 CaOOAMICUS 005 20030129000000.0 008 030129s1983 it u000 u ita u 013 $a84454 020 $a88-15-00006-2 040 $aSeMil$bita 100 1 $aColeman, John C.$0(OLS)http://semarc/name/46837 240 14$aThe nature of adolescence.$0(OLS)http://semarc/title/162787 245 13$aLa natura dell'adolescenza /$cJohn C. Coleman. 260 $aBologna :$bIl Mulino,$c1983. 300 $a269 p. :$bill. ;$c22 cm. 490 0 $aLa nuova scienza. Serie di psicologia ;$v. 490 0 $aLa nuova scienza ;$v.Serie di psicologia 500 $aFondo Card.C.M. Martini. 650 4$aAdolescenti - Psicologia.$0(OLS)http://semarc/subject/8605 830 3$aLa nuova scienza. Serie di psicologia ;$v.$0(OLS)http://semarc/title/11228 830 3$aLa nuova scienza ;$v.Serie di psicologia.$0(OLS)http://semarc/title/12150 850 $aSeMil 852 $aSeMil$W1$xVenegono$y1$m2Q III 27$j67582$B67582$CSeMilBibl$Z2$F101658 $81 941 1 $a4 961 $aOmaggio: Martini Card. Carlo Maria 996 $6020$a88-15-00006-2$9(OLS)http://semarc/number/94076 996 $6245$aLa natura dell'adolescenza$9(OLS)http://semarc/title/162786 996 $6260$aBologna :$bIl Mulino$9(OLS)http://semarc/publisher/29842